Personnage de Mario par élimination - Statistiques

Statistiques générales
  • Ce quiz a été pris 3 241 fois
  • Le résultat moyen est 4 sur 5
Statistiques - réponses
Personnage de mario Nombre Personnage % Correct
Présent dans Mario et Sonic au jeux olympiques 2008 Pékin 8
99%
Qui ne crache pas de feu 6
98%
Qui n'est pas jouable dans New super mario bross wii 4
82%
N'ayant pas les yeux bleus 2
49%
N'ayant pas un circuit avec son nom dans mario Kart Switch 1
36%
Aucun quiz correspondant
Distribution des résultats
% des personnes avec chaque résultat
Percentile par nombre de réponses
Votre historique - résultats
Vous n’avez pas pris ce quiz